Tazkara-yi-Nushahiya / (Record no. 525891)

000 -LEADER
fixed length control field 00516nam a22001697a 4500
003 - CONTROL NUMBER IDENTIFIER
control field NUST
020 ## - INTERNATIONAL STANDARD BOOK NUMBER
Qualifying information H/B
038 ## - RECORD CONTENT LICENSOR
Staff Name waseem
082 ## - DEWEY DECIMAL CLASSIFICATION NUMBER
Classification number 297.62
Author Mark NUS
100 ## - MAIN ENTRY--PERSONAL NAME
Personal name Nushai, Syed Muhammad Hayat Rabani
9 (RLIN) 16837
245 ## - TITLE STATEMENT
Title Tazkara-yi-Nushahiya /
Statement of responsibility, etc. Syed Muhammad Hayat Rabani Nushai
260 ## - PUBLICATION, DISTRIBUTION, ETC.
Place of publication, distribution, etc. Islamabad :
Name of publisher, distributor, etc. Idara Mahraf-yi-Nushahi,
Date of publication, distribution, etc. 2010.
300 ## - PHYSICAL DESCRIPTION
Extent 656 p. ;
880 ## - ALTERNATE GRAPHIC REPRESENTATION
Linkage 100-01\r
Title سید محمد حیات ربانی نوشاہی
880 ## - ALTERNATE GRAPHIC REPRESENTATION
Linkage 245-02\r
Title تزکرہ نوشاییہ /
942 ## - ADDED ENTRY ELEMENTS (KOHA)
Source of classification or shelving scheme
Koha item type Book
Holdings
Withdrawn status Lost status Source of classification or shelving scheme Damaged status Not for loan Permanent Location Current Location Shelving location Date acquired Total Checkouts Full call number Barcode Date last seen Price effective from Koha item type
          Central Library (CL) Central Library (CL) First Floor - Islam 07/05/2019   297.62 NUS CL-E-494 07/05/2019 07/05/2019 Book
© 2023 Central Library, National University of Sciences and Technology. All Rights Reserved.